[Event "23rd Czech Open A"]
[Site "Pardubice CZE"]
[Date "2012.07.23"]
[Round "4.75"]
[White "Laubert,J"]
[Black "Donskov,Ana"]
[Result "1-0"]
[WhiteElo "2108"]
[BlackElo "2328"]

1.e4 c5 2.Nf3 Nc6 3.Bb5 g6 4.O-O Bg7 5.c3 Nf6 6.e5 Nd5 7.d4 cxd4 8.cxd4 O-O
9.Nc3 Nxc3 10.bxc3 d6 11.exd6 Qxd6 12.Qa4 Bg4 13.Ba3 Qc7 14.Bxc6 bxc6 15.Rfe1 Rfe8
16.Ne5 Bd7 17.Bc5 Bf8 18.Re3 Rec8 19.Rae1 Be6 20.Nf3 Qd7 21.Ne5 Qb7 22.h4 Bh6
23.R3e2 Rc7 24.g4 Qc8 25.f3 Bf4 26.Kf2 Rb8 27.Qc2 Bxe5 28.Rxe5 Rcb7 29.R1e2 Bc4
30.Rd2 f6 31.Rxe7 Rxe7 32.Bxe7 Qc7 33.Bxf6 Qh2+ 34.Ke3 Re8+ 35.Be5 Qxh4 36.Rf2 Qg5+
37.Ke4 Rf8 38.Qd1 h5 39.gxh5 Qxh5 40.Ke3 Bd5 41.Qf1 Qg5+ 42.f4 Qg3+ 43.Kd2 Rf5
44.c4 Be4 45.Qe2 Bd3 46.Rg2 Bxe2 47.Rxg3 Bxc4 48.Rxg6+ Kf8 49.Rxc6 Bxa2 50.Ra6 Bd5
51.Rxa7 Rf7 52.Bd6+ Ke8 53.Ra5 Bc6 54.Ke3 Rd7 55.Be5 Rb7 56.f5 Kf7 57.Kf4 Bd7
58.Rd5 Be8 59.Rd6 Rd7 60.Rh6 Rd5 61.Kg5 Rd7 62.Rh8 Rd8 63.Rh7+ Kg8 64.Rg7+ Kf8
65.Ra7 Rd7 66.Ra6 Rh7 67.Bd6+ Kg8 68.Kf6 Rf7+ 69.Ke5 Bd7 70.f6 Rh7 71.Be7 Kf7
72.Ra7 Rh5+ 73.Kd6 Bg4 74.Bd8+ Ke8 75.Rg7 Bf5 76.f7+ Kf8 77.Be7+ Kxg7 78.f8=Q+ Kh7
79.Bf6  1-0

[Event "Dutch Open 2012"]
[Site "Dieren NED"]
[Date "2012.07.25"]
[Round "2.7"]
[White "Hendriks,W"]
[Black "Van Liempt,Michael"]
[Result "1-0"]
[WhiteElo "2422"]
[BlackElo "1954"]

1.e4 c5 2.Nf3 Nc6 3.Bb5 g6 4.O-O Bg7 5.c3 Nf6 6.e5 Nd5 7.d4 cxd4 8.cxd4 Nc7
9.Ba4 O-O 10.Bf4 d5 11.exd6 exd6 12.h3 Ne6 13.Be3 Ne7 14.Bc2 Qa5 15.Nc3 Nf5
16.Bxf5 Qxf5 17.Qb3 Nc7 18.Rfd1 b6 19.d5 Bb7 20.Nd4 Qd7 21.Rac1 Rfc8 22.Bf4 Ne8
23.a4 Rc5 24.Be3 Rcc8 25.Rc2 Nc7 26.Rcd2 Na6 27.Qb5 Rc7 28.a5 bxa5 29.Qxa5 Rc5
30.Qa3 Nc7 31.Nb3 Rc4 32.Bd4 Bxd4 33.Rxd4 Rxd4 34.Rxd4 Qe7 35.Re4 Qd7 36.Qa5 Na6
37.Rc4 Re8 38.Ne4 Qd8 39.Qc3 Re5 40.f4 Rf5 41.Nd4 Rxf4 42.Nc6 Bxc6 43.Rxc6 Nc5
44.Nxd6  1-0

[Event "21st Kavala Open A"]
[Site "Kavala GRE"]
[Date "2012.07.25"]
[Round "1"]
[White "Makka,E"]
[Black "Akshayraj,K"]
[Result "0-1"]
[WhiteElo "2088"]
[BlackElo "2454"]

1.e4 c5 2.Nf3 Nc6 3.Bb5 g6 4.Bxc6 bxc6 5.O-O Bg7 6.Qe2 Nh6 7.c3 a5 8.d4 cxd4
9.cxd4 Ba6 10.Qc2 Bxf1 11.Kxf1 O-O 12.Nc3 d5 13.e5 f6 14.Bf4 fxe5 15.Bxe5 Rxf3
16.gxf3 Bxe5 17.dxe5 Qd7 18.Qd2 Qh3+ 19.Ke2 Rf8 20.Qd3 Qxh2 21.e6 Nf5 22.Re1 Ng3+  0-1

[Event "TCh-CRC Premier 2012"]
[Site "San Jose CRC"]
[Date "2012.07.25"]
[Round "3.5"]
[White "Granados,C"]
[Black "Ruiz Blais,S"]
[Result "1-0"]
[WhiteElo "2116"]
[BlackElo "2195"]

1.e4 c5 2.Nf3 Nc6 3.Bb5 Qc7 4.O-O Nf6 5.Re1 Nd4 6.Nxd4 cxd4 7.c3 Qe5 8.Qe2 a6
9.Ba4 g6 10.cxd4 Qxd4 11.Nc3 Bh6 12.d3 Bxc1 13.Raxc1 O-O 14.Bb3 e6 15.e5 Ne8
16.Qe4 Qxe4 17.Nxe4 b6 18.Bd1 Bb7 19.Bf3 Kg7 20.Rc3 d5 21.Nd2 Rc8 22.Rxc8 Bxc8
23.Rc1 Bd7 24.d4 f6 25.Be2 fxe5 26.dxe5 Rf5 27.Nf3 a5 28.Kf1 h6 29.Bd3 Rf4
30.a3 g5 31.Ke2 Rf8 32.Nd4 Kf7 33.Ke3 Ng7 34.Rc7 Ke8 35.Rb7 b5 36.Nxb5 Ke7
37.Nd6 Kd8 38.Rb8+ Ke7 39.Rxf8 Kxf8 40.Kd4 Ba4 41.Nb7  1-0

[Event "TCh-CRC Premier 2012"]
[Site "San Jose CRC"]
[Date "2012.07.25"]
[Round "4.5"]
[White "Acevedo Mendez,Lisseth"]
[Black "Cabrera,Ma"]
[Result "0-1"]
[WhiteElo "1882"]
[BlackElo "2131"]

1.e4 c5 2.Nf3 Nc6 3.Bb5 e6 4.O-O Nge7 5.c3 a6 6.Bxc6 Nxc6 7.d4 cxd4 8.cxd4 d5
9.e5 Be7 10.Nc3 O-O 11.Be3 Bd7 12.Rc1 Rb8 13.Nd2 f6 14.Bf4 fxe5 15.Bxe5 Nxe5
16.dxe5 Qb6 17.Nb3 Rf5 18.Qe2 d4 19.Rcd1 Bc5 20.g4 Rf4 21.h3 Rbf8 22.Qc4 Rc8
23.Qd3 dxc3 24.Qxd7 Bxf2+ 25.Kg2 Rcf8 26.bxc3 Qe3 27.Rd3 Qe4+ 28.Kh2 Qe2  0-1

[Event "27th Avoine Open"]
[Site "Avoine FRA"]
[Date "2012.07.26"]
[Round "6.18"]
[White "Le Borgne,P"]
[Black "Devallee,J"]
[Result "1-0"]
[WhiteElo "2233"]
[BlackElo "2106"]

1.e4 c5 2.Nf3 Nc6 3.Bb5 g6 4.O-O Bg7 5.c3 e5 6.b4 cxb4 7.d4 bxc3 8.Nxc3 exd4
9.Nd5 Nf6 10.Ba3 Bf8 11.Bxc6 Bxa3 12.Qxd4 dxc6 13.Nxf6+ Ke7 14.Qc3 Be6 15.Rad1 Qb6
16.Nd5+ cxd5 17.Qxa3+ Qd6 18.Qb2 Qb6 19.Qa3+ Qd6 20.Qa4 f6 21.Rfe1 Qd7 22.Qb4+ Kf7
23.exd5 Bg4 24.Re3 Rhe8 25.Rb3 Bxf3 26.Rxf3 Qe7 27.d6 Qd7 28.Qh4 Qxd6 29.Qxh7+ Kf8
30.Rb1 Qb6 31.Rfb3 Qe6 32.Qh8+ Ke7 33.Qg7+ Kd6 34.Rd3+ Kc5 35.Rc1+ Kb5 36.Qxb7+ Qb6
37.Rb3+  1-0

[Event "27th Avoine Open"]
[Site "Avoine FRA"]
[Date "2012.07.26"]
[Round "6.37"]
[White "Robert,P"]
[Black "Daniel,Jea"]
[Result "1-0"]
[WhiteElo "2087"]
[BlackElo "1888"]

1.e4 c5 2.Nf3 Nc6 3.Bb5 g6 4.O-O Bg7 5.c3 e5 6.Re1 Nge7 7.d3 O-O 8.Na3 a6
9.Ba4 b5 10.Bb3 Na5 11.Bd5 Nxd5 12.exd5 d6 13.c4 b4 14.Nb1 Bg4 15.h3 Bd7
16.a3 Nb7 17.axb4 cxb4 18.Nbd2 a5 19.Nf1 Qc7 20.Ng3 f5 21.Rb1 Nc5 22.b3 a4
23.bxa4 Rxa4 24.Ng5 Rfa8 25.Be3 Qc8 26.Bxc5 dxc5 27.Nf3 e4 28.dxe4 fxe4 29.Nxe4 Ra1
30.Qe2 R1a2 31.Qe3 R8a3 32.Qxc5 Qxc5 33.Nxc5 Bf5 34.Rxb4 Bc3 35.Rb8+ Kg7
36.Re7+ Kh6 37.g4 Bf6 38.g5+ Bxg5 39.Nxg5 Kxg5 40.Re3 Rxe3 41.fxe3 Bxh3 42.d6 Kg4
43.Rb1 Rg2+ 44.Kh1 Kf3 45.Rd1 Rg4 46.Rd4 Rg3 47.e4 Bg2+ 48.Kg1 Bh3+ 49.Kh2 Bf1
50.Rd2 Rh3+ 51.Kg1 Bxc4 52.Rf2+ Ke3 53.d7 Rg3+ 54.Rg2 Rf3 55.d8=Q  1-0

[Event "PAB Romania Open 2012"]
[Site "Arad ROU"]
[Date "2012.07.27"]
[Round "8.8"]
[White "Meszaros,An"]
[Black "Nanu,C"]
[Result "1/2-1/2"]
[WhiteElo "2296"]
[BlackElo "2528"]

1.e4 c5 2.Nf3 Nc6 3.Bb5 e6 4.O-O Nge7 5.b3 a6 6.Bxc6 Nxc6 7.Bb2 d6 8.d4 cxd4
9.Nxd4 e5 10.Nxc6 bxc6 11.f4 exf4 12.Qh5 Qb6+ 13.Kh1 Qb5 14.Qf3 Qg5 15.Qxf4 Qxf4
16.Rxf4 f6 17.c4 Be7 18.Nc3 O-O 19.Rd1 Rd8 20.Ba3 Be6 21.Rf2 a5 22.Na4 Bf7
23.Rfd2 Bh5 24.Re1 Ra7 25.h3 d5 26.Bc5 Bxc5 27.Nxc5 Re7 28.Rd4 Bf7 29.Red1 Rc8
30.exd5 cxd5 31.Na4 dxc4 32.Nb6 Rce8 33.Nxc4 h5 34.Nd6 Re1+ 35.Rxe1 Rxe1+
36.Kh2 Be6 37.Re4 Rxe4 38.Nxe4 Bd5 39.Nc3 Bc6 40.a3 Kf7 41.b4 axb4 42.axb4 Ke6
43.h4 Ke5 44.Kg3 g5 45.hxg5 fxg5 46.b5 Bb7 47.Ne2 h4+ 48.Kf2 g4 49.Nc1 g3+
50.Kg1 Bd5 51.Nd3+ Kd6 52.b6 Be4 53.Nf4 Kc6 54.Ne6 Kxb6 55.Ng5 Bd5 56.Nh3 Kc5
57.Nf4 Be4 58.Kf1 Kd4 59.Ne6+ Ke3 60.Ng7 Bd3+ 61.Kg1 Kf4 62.Ne6+ Ke5 63.Ng5 Be4
64.Nxe4 Kxe4 65.Kf1 Ke3 66.Kg1 Ke2 67.Kh1 Ke3 68.Kg1 Kd2 69.Kf1 Kd3 70.Kg1 Ke3
71.Kh1 h3 72.Kg1 hxg2 73.Kxg2 Kf4 74.Kg1 Kg5 75.Kg2 Kg4 76.Kg1 Kh3 77.Kh1 g2+
78.Kg1 Kg3  1/2-1/2

[Event "Dutch Open 2012"]
[Site "Dieren NED"]
[Date "2012.07.27"]
[Round "4.2"]
[White "Hendriks,W"]
[Black "Greenfeld,A"]
[Result "1/2-1/2"]
[WhiteElo "2422"]
[BlackElo "2556"]

1.e4 c5 2.Nf3 Nc6 3.Bb5 d6 4.Bxc6+ bxc6 5.O-O Bg4 6.h3 Bh5 7.d3 Nf6 8.Nbd2 e6
9.e5 Nd5 10.Qe2 dxe5 11.Qxe5 Nf6 12.b3 Qd5 13.Bb2 Bd6 14.Qe3 Bxf3 15.Nxf3 Qf5
16.Rfe1 O-O 17.Ne5 Nd5 18.Qe4 Rac8 19.Qxf5 exf5 20.Nc4 Bc7 21.Ba3 Nb4 22.Bxb4 cxb4
23.a3 bxa3 24.Rxa3 Rfe8 25.Rxe8+ Rxe8 26.Kf1 Bb6 27.Ra6 Rb8 28.c3 c5 29.Ke2 Kf8
30.Kd2 Ke7 31.Ra1 g6 32.Re1+ Kf6 33.Kc2 h5 34.Ne3 Rd8 35.c4 f4 36.Nd5+ Kf5
37.Re4 g5 38.f3 Rd6 39.h4 Bd8 40.hxg5 Bxg5 41.d4 cxd4 42.Rxd4 a5 43.Kd3 Ke5
44.Re4+ Kf5 45.Kd4 Re6 46.Rxe6 fxe6 47.Nc7 h4 48.Nb5 Bf6+ 49.Kc5 Be7+ 50.Kb6 Bd8+
51.Kb7 Ke5 52.c5 Kd5 53.c6 e5 54.Nc3+ Kc5 55.Ne4+ Kb4 56.Kc8 Bb6 57.Kb7 Bd8
58.Kc8 Bb6 59.Kb7  1/2-1/2

[Event "23rd Czech Open A"]
[Site "Pardubice CZE"]
[Date "2012.07.27"]
[Round "8.36"]
[White "Savitskiy,S"]
[Black "Harika,D"]
[Result "0-1"]
[WhiteElo "2367"]
[BlackElo "2499"]

1.e4 c5 2.Nf3 Nc6 3.Bb5 d6 4.O-O Bd7 5.Re1 Nf6 6.c3 a6 7.Bf1 Bg4 8.h3 Bxf3
9.Qxf3 g6 10.Qd1 e5 11.a4 Bg7 12.d3 O-O 13.Na3 Rb8 14.Nc2 d5 15.exd5 Nxd5
16.Ne3 Kh8 17.a5 f5 18.Nc4 Qc7 19.Qb3 Rbd8 20.Nb6 Nxa5 21.Nxd5 Nxb3 22.Nxc7 Nxa1
23.Ne6 Nb3 24.Bg5 Rde8 25.Nxf8 Rxf8 26.Be2 h6 27.Be7 Re8 28.Bd6 Rd8 29.Bc7 Rd7
30.Bb6 Rd6 31.Bc7 Rc6 32.Bb8 Rc8 33.Bd6 Rd8 34.Bc7 Rd7 35.Bb6 Rd6 36.Bc7 Rc6
37.Bb8 Rc8 38.Bd6 b5 39.Bd1 Rd8 40.Bxe5 Nc1 41.Bxg7+ Kxg7 42.Re7+ Kf6 43.Ra7 Rd6
44.Bc2 b4 45.Kf1 c4 46.d4 b3 47.Bb1 Re6 48.d5 Re2 49.Rxa6+ Kf7 50.Re6 Rxb2
51.Re1 Na2  0-1

[Event "TCh-CRC Premier 2012"]
[Site "San Jose CRC"]
[Date "2012.07.27"]
[Round "6.5"]
[White "Acevedo Mendez,Lisseth"]
[Black "Jimenez Martinez,Alexander"]
[Result "0-1"]
[WhiteElo "1882"]
[BlackElo "1839"]

1.e4 c5 2.Nf3 Nc6 3.Bb5 g6 4.O-O Bg7 5.c3 Nf6 6.Qe2 O-O 7.d4 d5 8.exd5 Qxd5
9.Bxc6 bxc6 10.dxc5 a5 11.Qe5 Ne4 12.Qxd5 cxd5 13.Rd1 e6 14.Bf4 Ba6 15.Nbd2 Nxc5
16.Bd6 Rfc8 17.Bxc5 Rxc5 18.Nb3 Rcc8 19.Re1 a4 20.Nbd4 Rab8 21.Rab1 Bc4 22.b3 axb3
23.axb3 Bd3 24.Rbc1 Bh6 25.Rcd1 Rxc3 26.Ne5 Bg7 27.Ndc6 Rbxb3 28.Ra1 Ra3
29.Nxd3 Rxd3 30.Rab1 Rab3 31.Kf1 Bh6 32.Ra1 Rd2 33.Ra8+ Kg7 34.Ne5 Rbb2 35.Ng4 Bg5
36.g3 h5 37.f4 hxg4 38.fxg5 Rxh2  0-1

[Event "TCh-CRC Premier 2012"]
[Site "San Jose CRC"]
[Date "2012.07.27"]
[Round "6.2"]
[White "Murillo,Alex"]
[Black "Bermudez,S"]
[Result "1/2-1/2"]
[WhiteElo "2276"]
[BlackElo "2132"]

1.e4 c5 2.Nf3 Nc6 3.Bb5 g6 4.Bxc6 bxc6 5.e5 Bg7 6.O-O Nh6 7.Re1 O-O 8.d3 f6
9.exf6 exf6 10.Nc3 Nf7 11.d4 cxd4 12.Nxd4 Bb7 13.Ne4 Qb6 14.Nf3 d6 15.c4 Rad8
16.c5 dxc5 17.Qc2 c4 18.Be3 Qb5 19.Nc5 Bc8 20.b3 cxb3 21.axb3 Rfe8 22.Nd4 Qb6
23.Nde6 Rd5 24.Nxg7 Rxe3  1/2-1/2

[Event "27th Avoine Open"]
[Site "Avoine FRA"]
[Date "2012.07.28"]
[Round "8.47"]
[White "Leriche,L"]
[Black "Charrais,K"]
[Result "0-1"]
[WhiteElo "2084"]
[BlackElo "1920"]

1.e4 c5 2.Nf3 Nc6 3.Bb5 g6 4.Bxc6 dxc6 5.h3 Bg7 6.d3 Be6 7.O-O h6 8.Nc3 g5
9.h4 Bg4 10.Qe2 Qc7 11.Qe3 b6 12.Nh2 Bd4 13.Qe1 Nf6 14.Be3 Be5 15.Nxg4 Nxg4
16.Qe2 h5 17.g3 gxh4 18.Kg2 hxg3 19.fxg3 Bxg3 20.Qf3 Nxe3+ 21.Qxe3 O-O-O
22.Rxf7 Rdg8 23.Kh1 Qd7 24.Rf5 h4 25.Raf1 Bc7 26.Ne2 Kb7 27.a3 Qd6 28.Qh3 Rh6
29.c4 Rg3 30.Nxg3 hxg3 31.Rh5 Rxh5 32.Qxh5 Qxd3 33.Qf3 Qxc4 34.Rg1 Qd4 35.Rg2 Qc4
36.Rg1 Qe6 37.Kg2 Qh6 38.Re1 Qh2+ 39.Kf1 Qxb2 40.Re2 Qd4 41.Qf7 Qd1+ 42.Re1 Qd3+
43.Kg1 Qd2  0-1

[Event "27th Avoine Open"]
[Site "Avoine FRA"]
[Date "2012.07.28"]
[Round "8.17"]
[White "David,Vi"]
[Black "Niepceron,Hugo"]
[Result "1-0"]
[WhiteElo "2392"]
[BlackElo "1524"]

1.e4 c5 2.Nf3 Nc6 3.Bb5 a6 4.Bxc6 bxc6 5.h3 d6 6.O-O e6 7.e5 d5 8.d3 h6 9.c4 Ne7
10.Nc3 Ng6 11.b3 Be7 12.Na4 d4 13.Qe1 O-O 14.Ba3 a5 15.Nd2 f6 16.exf6 Rxf6
17.Bxc5 Nf4 18.Bxe7 Qxe7 19.Nb6 Rb8 20.Nxc8 Rxc8 21.Qe4 Rff8 22.Kh1 Qd6 23.Rae1 Kh8
24.g3 Nxh3 25.f4 g5 26.Qg2 g4 27.Ne4 Rf5 28.Nxd6 Rh5 29.Qxc6 Ng5+ 30.Kg2 Nf3
31.Rxf3  1-0

[Event "23rd Czech Open A"]
[Site "Pardubice CZE"]
[Date "2012.07.28"]
[Round "9.77"]
[White "Sagit,R"]
[Black "Furman,Bo"]
[Result "1-0"]
[WhiteElo "2367"]
[BlackElo "2263"]

1.e4 c5 2.Nf3 Nc6 3.Bb5 g6 4.O-O Bg7 5.Re1 Nf6 6.d3 O-O 7.Nbd2 d6 8.h3 e5
9.a3 Nd4 10.Bc4 Nh5 11.Nxd4 cxd4 12.c3 dxc3 13.bxc3 Nf4 14.Nf3 Qc7 15.Bxf4 exf4
16.Rc1 h6 17.Qb3 Bd7 18.Nh4 Qd8 19.Nf3 Qc7 20.Bd5 Rab8 21.d4 b6 22.e5 Rbe8
23.Nh4 g5 24.Ng6 dxe5 25.Nxf8 Rxf8 26.Qb4 Re8 27.Qb3 Rf8 28.c4 exd4 29.c5 bxc5
30.Re7 Bf6 31.Rxf7 Rxf7 32.Bxf7+ Kg7 33.Bh5 Bf5 34.Qd5 Qe5 35.Qf7+ Kh8 36.Qf8+ Kh7
37.Rxc5  1-0

[Event "23rd Czech Open A"]
[Site "Pardubice CZE"]
[Date "2012.07.28"]
[Round "9.90"]
[White "Varitski,I"]
[Black "Kosata,J"]
[Result "1/2-1/2"]
[WhiteElo "2286"]
[BlackElo "2123"]

1.e4 c5 2.Nf3 Nc6 3.Bb5 g6 4.Bxc6 dxc6 5.d3 Bg7 6.Nc3 e5 7.Be3 Qd6 8.h3 Ne7
9.Qd2 f6 10.Bh6 O-O 11.Nh2 Kh8 12.Ng4 Ng8 13.Bxg7+ Kxg7 14.g3 Be6 15.O-O-O Rfd8
16.f4 exf4 17.gxf4 a5 18.Nxf6 Nxf6 19.e5 Qf8 20.exf6+ Qxf6 21.Qe3 b6 22.h4 Bd5
23.Rh2 Re8 24.Qg3 Qd4 25.f5 Qe5 26.Qxe5+ Rxe5 27.fxg6 Kxg6 28.Rg1+ Kh6 29.Rf2 Rg8
30.Rxg8 Bxg8 31.Rf6+ Kh5 32.Rxc6 Kxh4 33.Rxb6 h5 34.Ne4 Bd5 35.Kd2 Bxe4 36.dxe4 Rxe4
37.Rb5 Rb4 38.Rxc5 Rxb2 39.Rxa5 Kg4 40.Ra8 h4 41.Rg8+ Kf3 42.Rf8+  1/2-1/2

[Event "23rd Czech Open A"]
[Site "Pardubice CZE"]
[Date "2012.07.28"]
[Round "9.7"]
[White "Jaracz,P"]
[Black "Plat,V"]
[Result "1/2-1/2"]
[WhiteElo "2530"]
[BlackElo "2492"]

1.e4 c5 2.Nf3 Nc6 3.Bb5 g6 4.Bxc6 dxc6 5.d3 Bg7 6.h3 e5 7.Be3 b6 8.Nbd2 Ne7
9.Nc4 Qc7 10.a4 Be6 11.Qd2 Bxc4 12.dxc4 Rd8 13.Qc1 a5 14.Bh6 O-O 15.O-O f6
16.Bxg7 Kxg7 17.Qe3 Rd7 18.Rad1 Rfd8 19.Qe2 Rxd1 20.Rxd1 Rd6 21.g3  1/2-1/2

[Event "TCh-CRC Premier 2012"]
[Site "San Jose CRC"]
[Date "2012.07.28"]
[Round "8.4"]
[White "Munoz,Ca"]
[Black "Duran Vega,S"]
[Result "0-1"]
[WhiteElo "1994"]
[BlackElo "2303"]

1.e4 c5 2.Nf3 Nc6 3.Bb5 Nf6 4.Bxc6 dxc6 5.d3 g6 6.h3 Bg7 7.Nc3 O-O 8.Be3 b6
9.Qd2 Ne8 10.O-O-O e5 11.Bh6 Qd6 12.Nh2 a5 13.Bxg7 Nxg7 14.Rdf1 a4 15.f4 a3
16.b3 f6 17.fxe5 Qxe5 18.Nf3 Qc7 19.g4 Ne6 20.g5 fxg5 21.e5 Nd4 22.Nxd4 cxd4
23.Rxf8+ Kxf8 24.Ne4 Qxe5 25.Nxg5 Qe3 26.Nxh7+ Kg7 27.Ng5 Bf5 28.Re1 Qxd2+
29.Kxd2 Rh8 30.Nf3 c5 31.Ne5 b5 32.b4 c4 33.dxc4 bxc4 34.Nxc4 Rxh3 35.Re7+ Kf6
36.Ra7 Rh2+ 37.Ke1 Rxc2 38.Nxa3 Rxa2 39.Nb5 Rxa7 40.Nxa7 Be4 41.b5 Ke5 42.b6 g5
43.Nb5 g4 44.Kf2 d3 45.Nc3 Bf3 46.Kg3 Kd4 47.Nd1 d2 48.b7 Bxb7 49.Kxg4 Kd3
50.Kf4 Bd5 51.Kg3 Bb3 52.Nf2+ Ke3 53.Ng4+ Ke2 54.Nf2 Bd5  0-1

[Event "27th Avoine Open"]
[Site "Avoine FRA"]
[Date "2012.07.29"]
[Round "9.1"]
[White "Tirard,H"]
[Black "Lagarde,Max"]
[Result "0-1"]
[WhiteElo "2452"]
[BlackElo "2505"]

1.e4 c5 2.Nf3 Nc6 3.Bb5 e6 4.Bxc6 bxc6 5.d3 Ne7 6.Qe2 d5 7.b3 f6 8.e5 f5
9.c4 d4 10.h4 Qa5+ 11.Bd2 Qb6 12.O-O Ng8 13.Na3 Nh6 14.Nc2 Ng4 15.Rab1 a5
16.a3 Qc7 17.Rfc1 Be7 18.b4 axb4 19.axb4 cxb4 20.Ncxd4 c5 21.Nb5 Qd7 22.Bg5 O-O
23.Bxe7 Qxe7 24.Nd6 Rb8 25.d4 Bb7 26.Nxb7 Qxb7 27.dxc5 Qe7 28.c6 Rfc8 29.Rb3 Rxc6
30.g3 Qc5 31.Ne1 Qxe5 32.Qd2 Rd6 33.Qc2 Rbd8 34.Nd3 Qd4 35.c5 Rc6 36.Nxb4 Rcc8
37.Nd3 e5 38.c6 e4 39.c7 Re8 40.Nb4 Rxc7  0-1

[Event "TCh-CRC Premier 2012"]
[Site "San Jose CRC"]
[Date "2012.07.29"]
[Round "9.2"]
[White "Gutierrez,O"]
[Black "Ruiz Blais,S"]
[Result "0-1"]
[WhiteElo "2072"]
[BlackElo "2195"]

1.e4 c5 2.Nf3 Nc6 3.Bb5 Nf6 4.e5 Nd5 5.Bxc6 dxc6 6.d3 g6 7.O-O Bg7 8.h3 O-O
9.Re1 b6 10.Nbd2 h6 11.Nf1 Be6 12.Ng3 Qd7 13.Qe2 Rad8 14.a3 Rfe8 15.Bd2 a5
16.Rad1 f5 17.c4 Nc7 18.Bc3 Qc8 19.d4 Qa6 20.b3 a4 21.bxa4 Qxa4 22.Qb2 Qxc4
23.Rc1 Qa6 24.Rb1 Nb5 25.dxc5 bxc5 26.Ra1 Qa4 27.Bd2 Nd4 28.Nxd4 cxd4 29.Qc1 Kh7
30.h4 Rd5 31.h5 Rb8 32.hxg6+ Kxg6 33.Ne2 Kf7 34.Bxh6 d3 35.Nc3 Qg4 36.Bf4 Rc5
37.f3 Qh4 38.Be3 Rxe5 39.Qd2 Rxe3 40.Rxe3 Bd4 41.Qxd3 Rb3 42.Rc1 c5 43.Qd2 f4  0-1

[Event "Politiken Cup 2012"]
[Site "Helsingor DEN"]
[Date "2012.07.30"]
[Round "4.98"]
[White "Knudsen,JesW"]
[Black "Nielsen,Leo"]
[Result "1-0"]
[WhiteElo "1918"]
[BlackElo "1739"]

1.e4 c5 2.Nf3 Nc6 3.Bb5 a6 4.Bxc6 bxc6 5.c4 g6 6.d4 Bg7 7.dxc5 Qa5+ 8.Nbd2 Qxc5
9.a3 a5 10.b4 axb4 11.axb4 Qxb4 12.Rxa8 Qb7 13.Qa4 Bc3 14.O-O Nf6 15.Ba3 Bxd2
16.Nxd2 Ng4 17.Rb1 Qc7 18.Nf3 O-O 19.Bxe7 Re8 20.Rbb8 Qf4 21.Qa1 Nxf2 22.Rxc8 Nh3+
23.Kf1  1-0

[Event "Politiken Cup 2012"]
[Site "Helsingor DEN"]
[Date "2012.07.30"]
[Round "4.111"]
[White "Svane,Frederik"]
[Black "Bendixen,D"]
[Result "0-1"]
[WhiteElo "1676"]
[BlackElo "1882"]

1.e4 c5 2.Nf3 Nc6 3.Bb5 d6 4.d4 cxd4 5.Qxd4 Bd7 6.Bxc6 Bxc6 7.Nc3 e5 8.Qd3 Nf6
9.Bg5 Be7 10.O-O-O O-O 11.Bxf6 Bxf6 12.Qxd6 Qb6 13.Qd2 Qa6 14.Qd3 b5 15.Kb1 Qb6
16.Qe2 Rad8 17.Rxd8 Rxd8 18.Rd1 Rxd1+ 19.Nxd1 Qc5 20.Qd3 b4 21.Ne3 Be7 22.Nd2 g6
23.Nb3 Qd6 24.Nc4 Qxd3 25.cxd3 f6 26.Kc2 Ba4 27.Kd2 Kf7 28.Ke3 Bb5 29.g3 Ke6
30.f4 Bf8 31.Kf3 exf4 32.gxf4 Bxc4 33.dxc4 Kd6 34.h3 Be7 35.Ke3 Bd8 36.Kd4 a5
37.c5+ Kc6 38.Kc4 Bc7 39.Nd4+ Kd7 40.Kd5 Bxf4 41.c6+ Kc8 42.Ne6 g5 43.b3 h5
44.h4 Be3 45.e5 fxe5 46.Nxg5 Bf4 47.Nf3 Bg3 48.Nxe5 Bxh4 49.Nf3 Bg3 50.Ng5 Kc7
51.Kc5 Kc8 52.Kb6 Bc7+ 53.Kb5 Kb8 54.Kc5 Ka7 55.Nh3 h4 56.Ng5 Kb8 57.Nh3 Ka7
58.Ng5 Ka8 59.Nh3 Kb8 60.Ng5 Kc8 61.Kb5 Bd8 62.Nh3 Kb8 63.Nf4 Bc7 64.Nh3 Kc8
65.Ng5 Bd8 66.Nh3 Kc7 67.Kxa5 Kxc6+ 68.Kxb4 Kd5 69.a4 Bb6 70.a5 Ba7 71.Kb5 Ke5
72.Ka6 Bc5 73.b4 Bxb4 74.Kb5 Bc3 75.Ng1 Ke4 76.a6 Bd4 77.Ne2 Bf2 78.Kc6 h3
79.Kb7 h2 80.Kc8 h1=Q 81.Ng3+ Bxg3 82.a7 Qh8+ 83.Kb7 Qg7+ 84.Ka8 Qg8+ 85.Kb7 Qd5+  0-1

[Event "Tabor Open 2012"]
[Site "Tabor CZE"]
[Date "2012.07.30"]
[Round "2.32"]
[White "Ruzicka,A"]
[Black "Mesicek,Josef"]
[Result "1-0"]
[WhiteElo "2080"]
[BlackElo "1683"]

1.e4 c5 2.Nf3 Nc6 3.Bb5 Qc7 4.O-O a6 5.Bxc6 Qxc6 6.Re1 d6 7.d4 cxd4 8.Nxd4 Qc7
9.Nc3 e5 10.Nd5 Qd8 11.Ne2 Nf6 12.Nec3 Be6 13.Be3 Nxd5 14.Nxd5 Rc8 15.f4 Be7
16.Qd3 O-O 17.c4 exf4 18.Bb6 Qd7 19.b3 Rfe8 20.Nxf4 Bf8 21.Qg3 f6 22.Rad1 Qf7
23.h4 Bd7 24.Bd4 b5 25.Nd5 Re6 26.cxb5 Bxb5 27.h5 Bc6 28.Rf1 Kh8 29.h6 Qg6
30.Qh3 Bxd5 31.exd5 Ree8 32.hxg7+ Bxg7 33.Qd7 Re2 34.Rf2 Rxf2 35.Bxf2 f5
36.Qxf5  1-0

[Event "Politiken Cup 2012"]
[Site "Helsingor DEN"]
[Date "2012.08.01"]
[Round "6.117"]
[White "Svane,Frederik"]
[Black "Nielsen,KaiG"]
[Result "0-1"]
[WhiteElo "1676"]
[BlackElo "1888"]

1.e4 c5 2.Nf3 Nc6 3.Bb5 a6 4.Bxc6 bxc6 5.O-O g6 6.d3 Bg7 7.Nc3 Nf6 8.Be3 d6
9.Qd2 Ng4 10.h3 Nxe3 11.Qxe3 Rb8 12.Rab1 O-O 13.h4 Bg4 14.Nd2 Be6 15.h5 gxh5
16.f4 Bd4  0-1

[Event "38th Badalona Open A"]
[Site "Badalona ESP"]
[Date "2012.08.02"]
[Round "2.6"]
[White "Bellini,F"]
[Black "Ynojosa,F"]
[Result "0-1"]
[WhiteElo "2504"]
[BlackElo "2374"]

1.e4 c5 2.Nf3 Nc6 3.Bb5 e6 4.Bxc6 bxc6 5.d3 d5 6.c4 Nf6 7.Nc3 Be7 8.O-O O-O
9.Bg5 h6 10.Bxf6 Bxf6 11.e5 Be7 12.Qe2 Bd7 13.Na4 Kh7 14.Qc2 d4 15.Nd2 f6
16.Ne4 Qa5 17.exf6 gxf6 18.Rae1 Rae8 19.f4 e5 20.fxe5 f5 21.e6 Bxe6 22.Nexc5 Bc8
23.Ne6 Rg8 24.c5 Bh4 25.b4 Qxb4 26.Rb1 Qxb1 27.Qxb1 Rxe6 28.Qb8 Reg6 29.g3 Be6
30.Qe5 Bg5 31.Rxf5 Bxf5 32.Qxf5 Bc1 33.Kg2 Rg7 34.Qc8 Rf7 35.Nb6 axb6 36.cxb6 Bf4
37.a4 h5 38.Kh3 Bd6 39.Qxc6 h4 40.Qd5 Rfg7 41.g4 Re7 42.g5 Re5 43.Qf7+ Rg7
44.Qf6 Rg6 45.Qf7+ Rg7 46.Qh5+ Kg8 47.Qh6 Re3+ 48.Kg4 Bxh2 49.Qc6 Rg3+ 50.Kh5 R3xg5+
51.Kxh4 Bg3+ 52.Kh3 Be5 53.Qe8+ Kh7 54.Kh4 Rg4+ 55.Kh3 Rg3+  0-1

[Event "10th EU U14 2012"]
[Site "Mureck AUT"]
[Date "2012.08.02"]
[Round "2.16"]
[White "Schwander,Lukas"]
[Black "Vogel,Doris"]
[Result "1-0"]
[WhiteElo "1732"]
[BlackElo "1536"]

1.e4 c5 2.Nf3 Nc6 3.Bb5 g6 4.Bxc6 bxc6 5.O-O Bg7 6.Re1 Nf6 7.e5 Nd5 8.d4 cxd4
9.Qxd4 O-O 10.a3 Bb7 11.Qh4 f6 12.Bh6 Rf7 13.Bxg7 Kxg7 14.c4 Nc7 15.Nc3 d5
16.Rad1 Qd7 17.Qd4 a6 18.Na4 Rd8 19.Qa7 Ne6 20.exf6+ exf6 21.Qe3 Nc7 22.Nc5 Qc8
23.Qd4 Kg8 24.Re3 Rff8 25.Rde1 Rde8 26.Re7 Ba8 27.Nd7 Rxe7 28.Rxe7 Rf7 29.Nxf6+ Kf8
30.Rxf7+ Kxf7 31.Ng5+ Ke7 32.Qe5+ Ne6 33.Nfxh7 Bb7 34.c5 a5 35.Qd6+ Ke8 36.Nf6+  1-0

[Event "38th Badalona Open A"]
[Site "Badalona ESP"]
[Date "2012.08.03"]
[Round "3.5"]
[White "Roy Chowdhury,S"]
[Black "Fernandez Cardoso,A"]
[Result "1-0"]
[WhiteElo "2391"]
[BlackElo "2449"]

1.e4 c5 2.Nf3 Nc6 3.Bb5 e6 4.O-O Nge7 5.c3 a6 6.Ba4 b5 7.Bc2 Bb7 8.Re1 d5
9.e5 c4 10.d4 cxd3 11.Bxd3 Ng6 12.Nbd2 Qc7 13.Bxg6 hxg6 14.Nb3 d4 15.Nbxd4 Rd8
16.Qe2 Rd5 17.Bf4 Be7 18.Bg3 Bc5 19.Nb3 Bb6 20.Rac1 Ne7 21.c4 bxc4 22.Nbd2 Rc5
23.Rxc4 Rxc4 24.Qxc4 Qd7 25.Ne4 O-O 26.Qb4 Nd5 27.Qd2 Qa4 28.b3 Qa3 29.Rd1 Nb4
30.Nf6+ gxf6 31.exf6 Nd5 32.Bd6 Qxd6 33.Qh6 Bxf2+ 34.Kh1 Nxf6 35.Rxd6 Rc8
36.Rd1 Bb6 37.Rf1 Ng4 38.Qf4 Nf2+ 39.Rxf2 Bxf2 40.Ne5 Rc7 41.h4 Bc5 42.Nxg6 Bb6
43.Ne5 Bd5 44.h5 f5 45.Nc4 Bxc4 46.bxc4 Kf7 47.Qd6 Rb7 48.Qc6 Rb8 49.c5 Ba5
50.Qd7+ Kf6 51.h6 Kg5 52.Qg7+ Kf4 53.h7  1-0

[Event "Politiken Cup 2012"]
[Site "Helsingor DEN"]
[Date "2012.08.03"]
[Round "8.17"]
[White "Rudolf,An"]
[Black "Hagen,Ande"]
[Result "1-0"]
[WhiteElo "2325"]
[BlackElo "2130"]

1.e4 c5 2.Nf3 Nc6 3.Bb5 Nf6 4.Bxc6 dxc6 5.d3 Qc7 6.h3 e5 7.Nbd2 Bd6 8.Nc4 Be6
9.b3 Nd7 10.Bb2 f6 11.Qd2 Nf8 12.Nh4 Ng6 13.Nf3 Rd8 14.Ne3 Qf7 15.h4 h5 16.g3 Bc7
17.Ba3 b6 18.Qe2 a5 19.Nd2 a4 20.O-O Qd7 21.Rfb1 Ne7 22.Bc1 Ra8 23.a3 axb3
24.Nxb3 Kf7 25.a4 g5 26.hxg5 fxg5 27.a5 Bxb3 28.Rxb3 b5 29.Rba3 Ra6 30.R3a2 Kg6
31.Nf1 Rha8 32.Qd2 Qg4 33.Nh2 Qh3 34.Qxg5+ Kf7 35.Nf3 Rg8 36.Be3 Ke8 37.Qh4  1-0

[Event "Wasselonne Open 2012"]
[Site "Wasselonne FRA"]
[Date "2012.08.03"]
[Round "4.2"]
[White "Chernov,Va"]
[Black "Hirschberg,V"]
[Result "1-0"]
[WhiteElo "2468"]
[BlackElo "2283"]

1.e4 c5 2.Nf3 Nc6 3.Bb5 g6 4.Bxc6 dxc6 5.d3 Bg7 6.h3 Nf6 7.Nc3 Nd7 8.Be3 e5
9.Qd2 h6 10.O-O Qe7 11.Nh2 Nf8 12.f4 exf4 13.Bxf4 Be6 14.Rae1 O-O-O 15.Nf3 Nd7
16.Nd5 cxd5 17.exd5 Nf8 18.dxe6 Nxe6 19.Bg3 Rhf8 20.Ne5 g5 21.Qa5 Bxe5 22.Bxe5 b6
23.Bf6 Qb7 24.Qa4 Rd7 25.Qg4 Rg8 26.Rf2 Qc6 27.Be5 Re8 28.Bh2 Ree7 29.Rxf7 Rxf7
30.Rxe6 Qb5 31.Qe4 Rf4 32.Qa8+  1-0

[Event "Politiken Cup 2012"]
[Site "Helsingor DEN"]
[Date "2012.08.04"]
[Round "9.5"]
[White "Salgado Lopez,I"]
[Black "Gandrud,V"]
[Result "1/2-1/2"]
[WhiteElo "2635"]
[BlackElo "2259"]

1.e4 c5 2.Nf3 Nc6 3.Bb5 Nd4 4.Nxd4 cxd4 5.O-O g6 6.c3 Bg7 7.cxd4 Bxd4 8.Nc3 e6
9.Qa4 Qb6 10.Be2 Ne7 11.Nb5 Nc6 12.Qa3 Bc5 13.b4 Nd4 14.Qe3 Nxe2+ 15.Qxe2 Be7
16.Bb2 O-O 17.Rac1 Qa6 18.Qc4 f6 19.Rfe1 b6 20.Re3 Qa4 21.Nc7 Rb8 22.a3 Bb7
23.h4 Rbc8 24.Rec3 Bd6 25.Qa2 Bxc7 26.Rxc7 Rxc7 27.Rxc7 Qd1+ 28.Kh2 Bxe4
29.Qc4 Qxd2 30.Rxa7  1/2-1/2